Trhový syndikalizmus: Trhový socializmus samosprávneho typu diplomová práca

Salvato in:
Dettagli Bibliografici
Autore principale: Kálovec, Marek
Ente Autore: Národohospodárska fakulta EU. Katedra ekonómie
Altri autori: Piovarčiová, Veronika, 1951-
Natura: Libro
Lingua:slovacco
Pubblicazione: Bratislava 2009
Tags: Aggiungi Tag
Nessun Tag, puoi essere il primo ad aggiungerne!!

MARC

LEADER 00000nam$a2200000$$$4500
001 0097000
005 20240318141904.2
041 0 |a slo 
044 |a SK 
245 1 0 |a Trhový syndikalizmus: Trhový socializmus samosprávneho typu  |b diplomová práca  |c Marek Kálovec ; škol. Veronika Piovarčiová 
264 1 |a Bratislava  |c 2009 
300 |a 71 s. 
100 1 |a Kálovec, Marek 
700 1 |a Piovarčiová, Veronika, 1951- 
710 2 |a Národohospodárska fakulta EU. Katedra ekonómie